=LDR 00000nam 2200000 4500 =001 INLIS000000000030706 =005 20130612132829 =008 ***********************************Ind** =035 ##$$0010-061300000030706 =041 ##$$a Ind =082 ##$$a F Rom K =090 ##$$a F Rom K, Jaf a =100 ##$$a Jafar, Abd =245 ##$$a Alam berbisik, Abd Jafar M. Nur ; editor, Yudi Iswanto =260 ##$$a 2008 $b Jakarta =300 ##$$a iv, 60 hlm, ilus, 21cm =650 ##$$a Fiksi kanak-kanak =700 ##$$a iswanto, Yudi =850 ##$$a NBPNMAT